Welche Stadt mit Q, X oder Y? - Statistiken

Allgemein
  • Dieses Quiz wurde 36 mal gespielt
  • Das Durchschnittsergebnis liegt bei 9 aus 20
Antwortstatistiken
# Hinweis Stadt % Korrekt
Q UNESCO Weltkulturerbe-Stadt am Harz Quedlinburg
97%
Q mit 2.850 Metern über dem Meeresspiegel die höchstgelegene Hauptstadt (abgesehen von La Paz, das nur als Regierungssitz fungiert) Quito
94%
X Stadt am Niederrhein mit dem größten archäologischen Freilichtmuseum Deutschlands Xanten
94%
Q europäisch wirkende Stadt in der gleichnamigen französischsprachigen Provinz Kanadas Québec
82%
Q deutsche Stadt mit dem KFZ-Kennzeichen QFT Querfurt
76%
Y von den Römern als Militärfort gegründete Stadt in Nordengland York
71%
X Fundort der 1974 entdeckten Terrakotta-Armee, bestehend aus über 8.000 Figuren Xi'an
50%
Y Der Cosmo World Freizeitpark mit dem imposanten Riesenrad befindet sich am Hafen der zur Metropolregion Tokio gehörenden Stadt Yokohama
50%
Y In den Tuchhallen, einem Gebäudekomplex im Zentrum, befindet sich ein Kriegsmuseum, das an die Schlachten der Flanders Fields im ersten Weltkrieg erinnert Ypern
50%
Q Stadt mit vielen Blumenbrücken über den Odet; ihr ursprünglicher bretonischer Name ist Kemper Quimper
41%
Y Hauptstadt der Côte d'Ivoire Yamoussoukro
38%
Q bekannt für Tsingtao, dem chinesischen Bier aus der ehemaligen deutschen Kolonialstadt Qingdao
35%
Y schwedische Hafenstadt, die für die dort spielenden Krimiromane mit Kommissar Kurt Wallander bekannt wurde Ystad
32%
Y Österreichische Stadt an der Donau Ybbs
24%
Y Kurstadt am Neuenburgersee Yverdon-les-Bains
21%
X nahe der rundlichen Insel, auf der sich die Innenstadt befindet, liegt die autofreie Insel Gulangyu Xiamen
18%
X hier findet jährlich der zweitgrößte Karneval Griechenlands statt, die Stadt war im 18. Jahrhundert Zentrum des Tabakhandels Xanthi
15%
Q Hauptstadt der pakistanischen Provinz Belutschistan Quetta
9%
Y Großstadt am Hudson River Yonkers
9%
X Mexikanische Blumenstadt, auch bekannt für das Anthropologische Museum Xalapa
3%
Keine übereinstimmenden Quizze gefunden
Verteilung der Resultate
Anzahl Personen mit jedem Resultat
Perzentil nach korrekt beantworteten Fragen
Ihre Resultats-Entwicklung
Sie haben dieses Quiz noch nicht gespielt